000
00440nam a2200145Ia 4500
008
100122s9999 xx 000 0 und d
082
_b
33146
_a
823
100
_a
अष्टीकर बा सी
245
_a
रक्तप्रेम
260
_b
गुलमोहर पब्लिकेशन्स
_c
1905
300
_a
240
630
_a
रक्तप्रेम
730
_a
रक्तप्रेम
942
_c
BOOK
999
_c
417283
_d
417280